000 00651nam a2200217 a 4500
001 BRCA_8019
005 20190320210110.0
008 190314s1967----mx-a###f##---#000-0#spa-#
041 _aspa
044 _amx
050 4 _aN910
_b.P84
_c1967
245 1 0 _aMuseo Bello
_bcatálogo del acervo artístico del museo.
260 _aMéxico
_bLitográfica Leo
_c1967
300 _a1 v. (sin paginación)
_bil. a color
_c22 cm.
500 _a3160
600 1 4 _aBello y González, José Luis
_919919
650 1 4 _aMuseo Bello
_vCatálogos
_zMéxico (Puebla)
_919920
650 1 4 _aMuseos poblanos
_vCatálogos
_zMéxico
_919921
902 _aGFM
942 _2lcc
_cB
999 _c7688
_d7688